RF and Microwave Power Amplifier Design (Record no. 24065)
[ view plain ]
| 000 -LEADER | |
|---|---|
| fixed length control field | 00206nam a22000737a 4500 |
| 003 - CONTROL NUMBER IDENTIFIER | |
| control field | Nust |
| 005 - DATE AND TIME OF LATEST TRANSACTION | |
| control field | 20170515170150.0 |
| 008 - FIXED-LENGTH DATA ELEMENTS--GENERAL INFORMATION | |
| fixed length control field | 140506b xxu||||| |||| 00| 0 eng d |
| 020 ## - INTERNATIONAL STANDARD BOOK NUMBER | |
| Terms of availability | Available |
| International Standard Book Number | 0071444939 |
| 040 ## - CATALOGING SOURCE | |
| Original cataloging agency | DLC |
| Language of cataloging | DLC |
| Transcribing agency | RCMS |
| 082 ## - DEWEY DECIMAL CLASSIFICATION NUMBER | |
| Classification number | 621.395 GRE |
| 100 ## - MAIN ENTRY--PERSONAL NAME | |
| Personal name | Andrei Grebennicov |
| 9 (RLIN) | 247 |
| 245 ## - TITLE STATEMENT | |
| Title | RF and Microwave Power Amplifier Design |
| 260 ## - PUBLICATION, DISTRIBUTION, ETC. | |
| Place of publication, distribution, etc. | USA |
| Name of publisher, distributor, etc. | McGraw-Hill |
| Date of publication, distribution, etc. | c2005 |
| 300 ## - PHYSICAL DESCRIPTION | |
| Extent | xi,420,p: |
| Other physical details | ill: |
| Dimensions | 24,cm. |
| 538 ## - SYSTEM DETAILS NOTE | |
| Display text | Shelf # 15, Row # 4, Communication.<br/>Shelf # 15, Row # 5, Communication. |
| 650 ## - SUBJECT ADDED ENTRY--TOPICAL TERM | |
| Topical term or geographic name entry element | Technology & Engineering Microwaves |
| 9 (RLIN) | 248 |
| 856 ## - ELECTRONIC LOCATION AND ACCESS | |
| Materials specified | Table of Content Only |
| 942 ## - ADDED ENTRY ELEMENTS (KOHA) | |
| Source of classification or shelving scheme | |
| Koha item type | Book |
| Withdrawn status | Lost status | Source of classification or shelving scheme | Damaged status | Not for loan | Permanent Location | Current Location | Shelving location | Date acquired | Full call number | Barcode | Date last seen | Price effective from | Koha item type | Total Checkouts |
|---|---|---|---|---|---|---|---|---|---|---|---|---|---|---|
| NUST Baluchistan Campus (NBC) | NUST Baluchistan Campus (NBC) | General Stacks | 05/06/2014 | 621.39GRE | RCMS000577 | 06/07/2021 | 05/06/2014 | Book | ||||||
| School of Interdisciplinary Engineering and Sciences (SINES) | School of Interdisciplinary Engineering and Sciences (SINES) | General Stacks | 05/20/2014 | 621.39GRE | RCMS001373 | 05/20/2014 | 05/20/2014 | Book |
